| 000 | 00690nam a2200193Ia 4500 | ||
|---|---|---|---|
| 999 |
_c65115 _d65115 |
||
| 003 | GCL | ||
| 005 | 20240530110808.0 | ||
| 008 | 140319s9999 xx 000 0 ara d | ||
| 040 |
_aGCL / _cGCL |
||
| 082 | 0 | 4 |
_a189/ _bأ م |
| 100 | 0 | _aانور الجندى | |
| 245 | 1 | 2 |
_aالموسوعة العربية : _bالاسلام فى مواجهة الفلسفات القديمة. _nالجزء 11 / _cانور الجندى |
| 260 |
_aالشركة العالمية للكتاب : _bبيروت، _c1978. |
||
| 300 |
_a320 ص. ؛ _c24 سم. |
||
| 650 | 0 | 7 | _aالعالم العربى |
| 650 | 0 | 7 | _aالحضارة الاسلامية |
| 650 | 0 | 7 | _aالفلسفة الاسلامية |
| 942 |
_2ddc _cBK |
||